Baker encyclopedia of Bible places : (Registro nro. 21867)
[ vista simple ]
| 000 -LEADER | |
|---|---|
| campo de control de longitud fija | 01380cam a22003374i 4500 |
| 003 - IDENTIFICADOR DE NÚMERO DE CONTROL | |
| campo de control | PE-LiUPU |
| 005 - FECHA Y HORA DE LA ÚLTIMA TRANSACCIÓN | |
| campo de control | 20260408095127.0 |
| 008 - DATOS DE LONGITUD FIJA--INFORMACIÓN GENERAL | |
| campo de control de longitud fija | 1995 enkab rb 001 0 eng d |
| 020 ## - NÚMERO INTERNACIONAL ESTÁNDAR DEL LIBRO | |
| Número Internacional Estándar del Libro | 0851106579 |
| Información calificativa | (UK) |
| 020 ## - NÚMERO INTERNACIONAL ESTÁNDAR DEL LIBRO | |
| Número Internacional Estándar del Libro | 0801010934 |
| Información calificativa | (USA) |
| 035 ## - NÚMERO DE CONTROL DEL SISTEMA | |
| Número de control de sistema | PE-LiUPU44991 |
| 040 ## - FUENTE DE CATALOGACIÓN | |
| Centro catalogador/agencia de origen | PE-LiUPU |
| Lengua de catalogación | eng |
| Centro/agencia transcriptor | PE-LiUPU |
| Normas de descripción | rda |
| 041 0# - CÓDIGO DE IDIOMA | |
| Código de lengua del texto/banda sonora o título independiente | eng |
| 082 04 - NÚMERO DE LA CLASIFICACIÓN DECIMAL DEWEY | |
| Número de clasificación | 220.91 |
| Cutter | B611b |
| Número de edición | 19 |
| 100 ## - ENTRADA PRINCIPAL--NOMBRE DE PERSONA | |
| Nombre de persona | Bimson, John J., |
| Término indicativo de función/relación | editor. |
| 9 (RLIN) | 6582 |
| 245 10 - MENCIÓN DEL TÍTULO | |
| Título | Baker encyclopedia of Bible places : |
| Resto del título | towns & cities, countries & states, archaeology & topography / |
| Mención de responsabilidad, etc. | editado por John J. Bimson. |
| 264 #1 - PRODUCCIÓN, PUBLICACIÓN, DISTRIBUCIÓN, FABRICACIÓN Y COPYRIGHT | |
| Producción, publicación, distribución, fabricación y copyright | Leicester, England : |
| Nombre del de productor, editor, distribuidor, fabricante | Inter-Varsity Press ; |
| Producción, publicación, distribución, fabricación y copyright | Grand Rapids, Michigan : |
| Nombre del de productor, editor, distribuidor, fabricante | Baker Books, |
| Fecha de producción, publicación, distribución, fabricación o copyright | 1995. |
| 300 ## - DESCRIPCIÓN FÍSICA | |
| Extensión | 319 páginas : |
| Otras características físicas | ilustraciones, mapas ; |
| Dimensiones | 29 cm |
| 336 ## - TIPO DE CONTENIDO | |
| Término de tipo de contenido | text |
| Fuente | rdacontent |
| 337 ## - TIPO DE MEDIO | |
| Nombre/término del tipo de medio | unmediated |
| Fuente | rdamedia |
| 338 ## - TIPO DE SOPORTE | |
| Nombre/término del tipo de soporte | volume |
| Fuente | rdacarrier |
| 500 ## - NOTA GENERAL | |
| Nota general | Incluye referencias bibliográficas e índice. |
| 505 0# - NOTA DE CONTENIDO CON FORMATO | |
| Nota de contenido con formato | List of Bible places -- List of contributors -- The identification of biblical sites: sources and uncertainties -- A-Z of Bible places. |
| 630 14 - PUNTO DE ACCESO ADICIONAL DE MATERIA--TÍTULO UNIFORME | |
| Título uniforme | Biblia. |
| Subdivisión general | Geografía |
| 9 (RLIN) | 6583 |
| Subdivisión de forma | Enciclopedias. |
| 630 #0 - PUNTO DE ACCESO ADICIONAL DE MATERIA--TÍTULO UNIFORME | |
| Título uniforme | Biblia. |
| Subdivisión general | Geografía |
| Subdivisión de forma | Diccionarios |
| 9 (RLIN) | 6641 |
| 700 ## - ENTRADA AGREGADA--NOMBRE PERSONAL | |
| Nombre de persona | Bimson, John J., |
| Término indicativo de función/relación | editor. |
| 9 (RLIN) | 6582 |
| 710 ## - ENTRADA AGREGADA--NOMBRE DE ENTIDAD CORPORATIVA | |
| Nombre de entidad corporativa o nombre de jurisdicción como elemento de entrada | Inter-Varsity Press, |
| Término indicativo de función/relación | editor. |
| 9 (RLIN) | 6584 |
| 710 ## - ENTRADA AGREGADA--NOMBRE DE ENTIDAD CORPORATIVA | |
| Nombre de entidad corporativa o nombre de jurisdicción como elemento de entrada | Baker Books, |
| Término indicativo de función/relación | editor. |
| 9 (RLIN) | 6401 |
| 942 ## - ELEMENTOS DE ENTRADA SECUNDARIOS (KOHA) | |
| Fuente del sistema de clasificación o colocación | Clasificación Decimal Dewey |
| Tipo de ítem Koha | Libros físicos |
| 980 ## - EQUIVALENCIA O REFERENCIA-CRUZADA-MENCIÓN DE SERIE--NOMBRE DE PERSONA/TÍTULO [LOCAL, CANADÁ] | |
| ID del último usuario que modificó el registro | 18226 |
| Nombre del último usuario que modificó el registro | Jaime Vilcazán Jefe de Análisis Documental |
| Visto por última vez | Número de inventario | Total de préstamos | Signatura topográfica completa | Código de barras | Copia número | Fecha de reemplazo | Facultad | Tipo de ítem Koha | Estado de pérdida | Fuente del sistema de clasificación o colocación | Restricciones de uso | No para préstamo | Colección | Programa académico | Biblioteca de origen | Biblioteca actual | Ubicación en estantería | Fecha de adquisición | Fuente de adquisición |
|---|---|---|---|---|---|---|---|---|---|---|---|---|---|---|---|---|---|---|---|
| 2025-12-02 | 7 | 220.91 B611b | 44991 | e1 | 2015-06-24 | Teología | Libros de referencia | No Perdido | Clasificación Decimal Dewey | No restringido | Disponible para préstamos | Colección Referencia | Teología | Biblioteca CRAI UPeU Lima | Biblioteca CRAI UPeU Lima | Estante de Referencia | 2015-06-24 | COMPRA |